[Event "II Open A"]
[Site "Livigno ITA"]
[Date "2011.09.13"]
[Round "2"]
[White "Michalik, Peter"]
[Black "Bruno, Fabio"]
[WhiteElo "2511"]
[BlackElo "2431"]
[Result "0-1"]
[PlyCount "78"]
[EventDate "2011.09.12"]

1. d4 d5 2. c4 c6 3. Nf3 e6 4. Nc3 Nf6 5. Bg5 dxc4 6. e4 b5 7. e5 h6 8. Bh4 g5
9. Nxg5 hxg5 10. Bxg5 Nbd7 11. g3 Qa5 12. exf6 b4 13. Ne4 Ba6 14. Bd2 Qd5 15.
Bg2 Qxd4 16. O-O Nb6 17. Bf4 O-O-O 18. Qxd4 Rxd4 19. Ng5 Rxf4 20. gxf4 Nd5 21.
Bxd5 cxd5 22. Nxf7 Rh4 23. Ng5 Rg4+ 24. Kh1 Rxf4 25. Rfe1 Rxf6 26. Nh7 Rxf2 27.
Rxe6 Bb5 28. Nxf8 Rxf8 29. Kg1 Kd7 30. Rg6 c3 31. bxc3 bxc3 32. Rg3 d4 33. Rg4
d3 34. a4 Ba6 35. Rg7+ Kc8 36. Rg6 Kb7 37. Rg7+ Kb8 38. Rd7 d2 39. Rd1 Rf1+ 0-1

[Event "II Open A"]
[Site "Livigno ITA"]
[Date "2011.09.13"]
[Round "2"]
[White "Fedorchuk, Sergey A."]
[Black "Kilpatrick, Callum"]
[WhiteElo "2635"]
[BlackElo "2256"]
[Result "1-0"]
[PlyCount "81"]
[EventDate "2011.09.12"]

1. e4 e5 2. Nf3 Nc6 3. Bc4 Nf6 4. d3 Be7 5. O-O O-O 6. Re1 d6 7. a4 Be6 8. a5
a6 9. Nbd2 Qd7 10. Nf1 Rae8 11. c3 Bd8 12. Qb3 Qc8 13. Ng3 h6 14. Be3 Ne7 15.
Bxe6 fxe6 16. d4 Ng6 17. dxe5 dxe5 18. Rad1 Kh7 19. h3 Be7 20. Qc4 Rf7 21. b4
Bf8 22. b5 axb5 23. Qxb5 c6 24. Qc4 Rd7 25. Ra1 c5 26. Reb1 Rc7 27. Rb6 Qd7 28.
Rab1 Ra8 29. Qb5 Qc8 30. Nd2 c4 31. Rxb7 Rxa5 32. Rxc7 Qxc7 33. Qxc4 Qd7 34.
Nf3 Ra4 35. Qb3 Nxe4 36. Nxe4 Rxe4 37. Qc2 Qc6 38. Rb6 Qa4 39. Qb1 Qa8 40. Rxe6
Qd5 41. Rxg6 1-0

[Event "II Open A"]
[Site "Livigno ITA"]
[Date "2011.09.13"]
[Round "2"]
[White "Molina, Fabrizio"]
[Black "Mareco, Sandro"]
[WhiteElo "2258"]
[BlackElo "2597"]
[Result "1/2-1/2"]
[PlyCount "113"]
[EventDate "2011.09.12"]

1. Nf3 Nf6 2. g3 d5 3. Bg2 c6 4. c4 dxc4 5. O-O Nbd7 6. Na3 Nb6 7. Qc2 Qd5 8.
Nh4 Qd4 9. Nf3 Qe4 10. d3 cxd3 11. exd3 Qd5 12. Re1 e6 13. Nc4 Qd8 14. Bd2 Nfd5
15. Qb3 Be7 16. Ba5 O-O 17. a3 Bd7 18. Nfe5 Be8 19. d4 c5 20. dxc5 Bxc5 21.
Rac1 Ba4 22. Qf3 Qf6 23. Qxf6 gxf6 24. Nd3 Be7 25. Bxb6 Nxb6 26. Nxb6 axb6 27.
Rc7 Bd6 28. Rxb7 Rab8 29. Rxb8 Rxb8 30. Rc1 Bb5 31. Rc3 Rd8 32. Bf1 Bf8 33. Kg2
e5 34. Ne1 Bd7 35. Nc2 Be6 36. Bc4 Bf5 37. Kf3 Rd2 38. Ne3 Bg6 39. b4 Bh6 40.
h4 f5 41. Nd5 Bg7 42. Ne7+ Kf8 43. Nxg6+ hxg6 44. Ke3 Bh6+ 45. f4 Rh2 46. Bd5
exf4+ 47. gxf4 Rh3+ 48. Bf3 Rxh4 49. Rc4 Ke7 50. a4 Rh2 51. Rc7+ Kf8 52. a5
bxa5 53. bxa5 Ra2 54. Rxf7+ Ke8 55. Rf6 Ra3+ 56. Kf2 Rxa5 57. Kg3 1/2-1/2

[Event "II Open A"]
[Site "Livigno ITA"]
[Date "2011.09.13"]
[Round "2"]
[White "Maiorov, Nikita"]
[Black "Sveshnikov, Vladimir"]
[WhiteElo "2558"]
[BlackElo "2412"]
[Result "1-0"]
[PlyCount "51"]
[EventDate "2011.09.12"]

1. d4 d5 2. c4 e6 3. Nf3 Nf6 4. e3 c6 5. b3 Nbd7 6. Bb2 Bd6 7. Bd3 O-O 8. O-O
b6 9. Nbd2 Bb7 10. Ne5 c5 11. cxd5 exd5 12. f4 cxd4 13. exd4 Ne4 14. Nxe4 dxe4
15. Bc4 Nf6 16. Qe2 Qe7 17. g4 Rac8 18. Rac1 Ba3 19. Bxa3 Qxa3 20. Bxf7+ Rxf7
21. Rxc8+ Bxc8 22. Qc4 Qf8 23. Nxf7 b5 24. Nh6+ Kh8 25. Qf7 Qd6 26. Qg8+ 1-0

[Event "II Open A"]
[Site "Livigno ITA"]
[Date "2011.09.13"]
[Round "2"]
[White "Arnetta, Maria Teresa"]
[Black "Rombaldoni, Denis"]
[WhiteElo "2017"]
[BlackElo "2517"]
[Result "0-1"]
[PlyCount "98"]
[EventDate "2011.09.12"]

1. e4 c6 2. d4 d5 3. Nd2 dxe4 4. Nxe4 Nd7 5. Nf3 Ngf6 6. Nxf6+ Nxf6 7. Ne5 g6
8. Be3 Bg7 9. Qd2 Ne4 10. Qd3 Bf5 11. g4 Nxf2 12. Qe2 Nxh1 13. gxf5 Bxe5 14.
dxe5 e6 15. f6 Qd5 16. Bg2 Qxe5 17. O-O-O O-O 18. Qf3 Rfd8 19. Rxh1 Rd5 20. Qf2
Rb5 21. Bd4 Qd6 22. Bc3 Rd8 23. Qd2 Qxd2+ 24. Bxd2 Rf5 25. Bc3 e5 26. Rf1 Rh5
27. h3 Rd6 28. Rd1 Rxd1+ 29. Kxd1 Rf5 30. h4 Rxf6 31. Bxe5 Rf2 32. Bh3 f5 33.
Bd4 Rf4 34. Bxa7 Rxh4 35. Bf1 g5 36. Bd3 f4 37. Bb8 Kf7 38. Ke2 h5 39. Kf3 Rg4
40. Bc7 Rg3+ 41. Kf2 h4 42. Be4 h3 43. a4 h2 44. Bg2 Kf6 45. a5 Kf5 46. b4 Rc3
47. b5 cxb5 48. Bxb7 Rxc7 49. a6 Rxc2+ 0-1

[Event "II Open A"]
[Site "Livigno ITA"]
[Date "2011.09.13"]
[Round "2"]
[White "Suvrajit, Saha"]
[Black "Braga, Fernando Alberto"]
[WhiteElo "2384"]
[BlackElo "2438"]
[Result "1-0"]
[PlyCount "87"]
[EventDate "2011.09.12"]

1. d4 Nf6 2. Nf3 g6 3. c4 Bg7 4. Nc3 d6 5. e4 Bg4 6. Be2 O-O 7. Be3 Nfd7 8. Rc1
c5 9. d5 a6 10. Qb3 Qc7 11. O-O Bxf3 12. Bxf3 e5 13. g4 Nb6 14. Kg2 N8d7 15. h4
Nc8 16. Rh1 Ne7 17. h5 b5 18. cxb5 f6 19. hxg6 hxg6 20. bxa6 g5 21. Be2 Rfb8
22. Qc2 Qa5 23. a4 Rb6 24. Bb5 Nf8 25. Bd2 Rbb8 26. Nd1 Qd8 27. Ne3 Neg6 28.
Nf5 Nf4+ 29. Kf3 N8g6 30. Qc4 Bf8 31. Rh2 Ra7 32. Rch1 Qc8 33. Ba5 Rf7 34. Rc1
Nh4+ 35. Nxh4 gxh4 36. Rxh4 Rg7 37. Rg1 Be7 38. Rhh1 Bd8 39. Bd2 Ng6 40. Rh6
Kf7 41. b4 cxb4 42. a7 Qxc4 43. axb8=Q Qb3+ 44. Be3 1-0

[Event "II Open A"]
[Site "Livigno ITA"]
[Date "2011.09.13"]
[Round "2"]
[White "Rotstein, Arkadij"]
[Black "Bentivegna, Francesco"]
[WhiteElo "2515"]
[BlackElo "2322"]
[Result "1-0"]
[PlyCount "91"]
[EventDate "2011.09.12"]

1. c4 e5 2. g3 Nc6 3. Nc3 Bc5 4. Bg2 d6 5. Na4 Nge7 6. Nxc5 dxc5 7. d3 O-O 8.
Nf3 f6 9. O-O Be6 10. h3 Qd7 11. Kh2 Rad8 12. Bd2 Kh8 13. Bc3 b6 14. Qa4 a5 15.
Rad1 Qc8 16. a3 Rd6 17. Qc2 Rfd8 18. b3 Qd7 19. Ra1 Qe8 20. Qb2 Qh5 21. b4 axb4
22. axb4 cxb4 23. Bxb4 Nxb4 24. Qxb4 Nc6 25. Qb5 Nd4 26. Nxd4 Rxd4 27. Qc6 Qf7
28. Ra7 R4d7 29. Rfa1 g6 30. Rb7 Kg7 31. Raa7 Rc8 32. c5 bxc5 33. Qxc5 Qe7 34.
Qa5 Qd6 35. Ra6 Qe7 36. Rc6 Bf7 37. h4 f5 38. Rb5 Re8 39. Rbc5 e4 40. dxe4 fxe4
41. Rxc7 Rxc7 42. Rxc7 Qf6 43. Qa7 Re5 44. Qe3 Qd6 45. Ra7 Qf6 46. Kg1 1-0

[Event "II Open A"]
[Site "Livigno ITA"]
[Date "2011.09.13"]
[Round "2"]
[White "Pacher, Milan"]
[Black "Karl, Hans"]
[WhiteElo "2403"]
[BlackElo "2201"]
[Result "1-0"]
[PlyCount "97"]
[EventDate "2011.09.12"]

1. d4 d5 2. c4 c6 3. Nf3 Nf6 4. Nc3 e6 5. Bg5 Nbd7 6. e3 Qa5 7. cxd5 exd5 8.
Bd3 Bd6 9. O-O O-O 10. a3 Re8 11. Qc2 Be7 12. h3 Nf8 13. b4 Qd8 14. Ne5 Ne4 15.
Nxe4 dxe4 16. Bc4 Be6 17. Bxe6 Nxe6 18. Bxe7 Qxe7 19. Qxe4 a5 20. bxa5 Rxa5 21.
a4 Nc7 22. Qc2 Nd5 23. Nc4 Ra7 24. a5 Rea8 25. Rab1 Nc7 26. Rb3 Rd8 27. Rd1 Nb5
28. Qb2 Qe6 29. Rc1 f6 30. Qd2 g6 31. Qb4 Kg7 32. Rbb1 Rd5 33. Nb6 Rg5 34. Kh1
Qe4 35. f3 Qxe3 36. Re1 Qxd4 37. Qe7+ Kh6 38. Rb4 Qd6 39. Rh4+ Rh5 40. Rxh5+
gxh5 41. Qe3+ Kg6 42. Nc8 Qb4 43. Nxa7 Nxa7 44. Qe8+ Kg5 45. Re7 Qxa5 46. Rg7+
Kh6 47. Qf8 Qe1+ 48. Kh2 Qe5+ 49. Rg3# 1-0

[Event "II Open A"]
[Site "Livigno ITA"]
[Date "2011.09.13"]
[Round "2"]
[White "Reverby, Miro"]
[Black "Saptarshi, Roy"]
[WhiteElo "2153"]
[BlackElo "2385"]
[Result "1-0"]
[PlyCount "53"]
[EventDate "2011.09.12"]

1. e4 e5 2. Nf3 Nc6 3. Bb5 a6 4. Bxc6 dxc6 5. O-O Qd6 6. Na3 Be6 7. d4 exd4 8.
Qxd4 Qxd4 9. Nxd4 Bxa3 10. Nxe6 fxe6 11. bxa3 Nf6 12. f3 O-O-O 13. Bg5 Rd4 14.
Rad1 Rhd8 15. Rxd4 Rxd4 16. Rf2 Rc4 17. Bc1 b5 18. Rd2 a5 19. Bb2 c5 20. Kf2
Ra4 21. Ke3 Ne8 22. Kf4 b4 23. Ke5 Nd6 24. Rxd6 cxd6+ 25. Kxd6 g6 26. Kxc5 bxa3
27. Bc3 1-0

[Event "II Open A"]
[Site "Livigno ITA"]
[Date "2011.09.13"]
[Round "2"]
[White "Bove, Alessandro"]
[Black "Kock, Hans-Uwe"]
[WhiteElo "2368"]
[BlackElo "2117"]
[Result "1-0"]
[PlyCount "56"]
[EventDate "2011.09.12"]

1. d4 Nf6 2. c4 g6 3. Nc3 Bg7 4. Nf3 d6 5. Bf4 Nbd7 6. e3 O-O 7. Be2 Re8 8. O-O
h6 9. h3 Nf8 10. Bh2 c6 11. b4 N6d7 12. Rc1 e5 13. Ne4 Nf6 14. Nxf6+ Qxf6 15.
c5 e4 16. Nd2 d5 17. f3 exf3 18. Rxf3 Qd8 19. Bd3 Ne6 20. Qf1 Ng5 21. Rg3 Ne4
22. Bxe4 dxe4 23. Nc4 Re6 24. Nd6 Qe7 25. Rc2 Rf6 26. Rf2 Rxf2 27. Qxf2 Bf6 28.
Qf4 Bg5 1-0

[Event "II Open A"]
[Site "Livigno ITA"]
[Date "2011.09.13"]
[Round "2"]
[White "Schwartz, Ylon"]
[Black "Bossi, Alessandro"]
[WhiteElo "2252"]
[BlackElo "2019"]
[Result "1-0"]
[PlyCount "41"]
[EventDate "2011.09.12"]

1. d4 Nf6 2. c4 c5 3. Nf3 cxd4 4. Nxd4 a6 5. Nc3 d5 6. cxd5 Nxd5 7. Nb3 Nxc3 8.
Qxd8+ Kxd8 9. bxc3 e5 10. g3 Nc6 11. Bg2 Kc7 12. O-O Be6 13. Be3 Be7 14. Nc5
Bc4 15. Nd3 f6 16. a4 Rac8 17. Rfb1 Kb8 18. Rb2 Na5 19. Bb6 Bd8 20. Bxa5 Bxa5
21. Rxb7+ 1-0

[Event "II Open A"]
[Site "Livigno ITA"]
[Date "2011.09.13"]
[Round "2"]
[White "Brunello, Marina"]
[Black "Zamengo, Fulvio"]
[WhiteElo "2215"]
[BlackElo "2002"]
[Result "1-0"]
[PlyCount "53"]
[EventDate "2011.09.12"]

1. e4 e6 2. d4 d5 3. Nd2 Nf6 4. e5 Nfd7 5. Bd3 c5 6. c3 Nc6 7. Ne2 cxd4 8. cxd4
f6 9. exf6 Nxf6 10. Nf3 Bd6 11. O-O Qc7 12. Ng3 O-O 13. Bg5 Bd7 14. Rc1 Bf4 15.
Bxf4 Qxf4 16. Rc2 Rac8 17. Re2 g5 18. Re3 Ng4 19. Ree1 Nxd4 20. Nxd4 Nxf2 21.
Qh5 Rf7 22. Nxe6 Bxe6 23. Rxe6 Qd4 24. Qxg5+ Kh8 25. Qe3 Qxb2 26. Re8+ Rf8 27.
Rxc8 1-0

[Event "II Open A"]
[Site "Livigno ITA"]
[Date "2011.09.13"]
[Round "3"]
[White "Hunt, Adam C."]
[Black "Volkov, Sergey"]
[WhiteElo "2437"]
[BlackElo "2614"]
[Result "0-1"]
[PlyCount "86"]
[EventDate "2011.09.12"]

1. e4 e6 2. d4 d5 3. Nc3 Nf6 4. Bg5 Bb4 5. e5 h6 6. Bd2 Bxc3 7. bxc3 Ne4 8. Qg4
Kf8 9. Bd3 Nxd2 10. Kxd2 c5 11. Nf3 c4 12. Be2 b5 13. h4 Nc6 14. h5 a5 15. a3
Ra7 16. Qf4 Qe7 17. Qe3 Ke8 18. g4 Kd8 19. Nh4 b4 20. axb4 axb4 21. Rxa7 Nxa7
22. cxb4 Qxb4+ 23. c3 Qb2+ 24. Ke1 Qa1+ 25. Bd1 Bd7 26. f4 Kc7 27. Kf2 Nb5 28.
Bf3 Qb2+ 29. Kg3 Qxc3 30. Qxc3 Nxc3 31. f5 Nb5 32. Rd1 c3 33. Rc1 Kb6 34. Kf4
Rc8 35. f6 gxf6 36. exf6 Nxd4 37. g5 Rc4 38. g6 Nb3+ 39. Kg3 Nxc1 40. gxf7 Rc8
41. Ng6 c2 42. f8=Q Rxf8 43. Nxf8 Be8 0-1

[Event "II Open A"]
[Site "Livigno ITA"]
[Date "2011.09.13"]
[Round "3"]
[White "Bruno, Fabio"]
[Black "Svetushkin, Dmitry"]
[WhiteElo "2431"]
[BlackElo "2594"]
[Result "1-0"]
[PlyCount "145"]
[EventDate "2011.09.12"]

1. Nf3 d5 2. b3 Nf6 3. Bb2 Bf5 4. e3 e6 5. Be2 h6 6. d3 Nbd7 7. Nbd2 Bh7 8. O-O
Bd6 9. Re1 O-O 10. Bf1 e5 11. e4 Re8 12. exd5 Nxd5 13. a3 N5b6 14. g3 c6 15.
Bg2 Qc7 16. Re2 f5 17. Qe1 Re7 18. Nf1 Rae8 19. Qa5 Nd5 20. Qxc7 Bxc7 21. Rae1
e4 22. dxe4 fxe4 23. N3d2 N5f6 24. Ne3 Bg6 25. h3 h5 26. a4 Nd5 27. Nxd5 cxd5
28. Nf1 Be5 29. Ba3 Rf7 30. Rd1 Nf6 31. Bc5 Rd7 32. Bd4 h4 33. g4 Bb8 34. Ne3
Nh7 35. Bb2 Ng5 36. Nxd5 Red8 37. c4 Bf7 38. Bc1 Nf3+ 39. Bxf3 exf3 40. Re7
Bxd5 41. Rxd7 Rxd7 42. cxd5 Bd6 43. Bg5 Rc7 44. Rd3 Rc5 45. Rxf3 Rxd5 46. Bxh4
b5 47. axb5 Rxb5 48. Kg2 a5 49. Bg3 Be7 50. Rd3 Kf7 51. h4 Rb4 52. Kh3 a4 53.
bxa4 Rxa4 54. Rb3 g6 55. Rb7 Ke6 56. Rb6+ Kf7 57. Rc6 Ra3 58. g5 Rd3 59. Kg4
Rd4+ 60. f4 Rd3 61. Rc1 Bd6 62. Rh1 Rd4 63. h5 gxh5+ 64. Rxh5 Bf8 65. Rh1 Ra4
66. Rb1 Rc4 67. Rb7+ Kg6 68. Rb6+ Kg7 69. Bf2 Ba3 70. Be3 Kf7 71. Kf5 Ra4 72.
Rb7+ Kg8 73. Ra7 1-0

[Event "II Open A"]
[Site "Livigno ITA"]
[Date "2011.09.13"]
[Round "3"]
[White "Timoshenko, Georgy"]
[Black "Petkov, Vladimir"]
[WhiteElo "2572"]
[BlackElo "2511"]
[Result "1-0"]
[PlyCount "103"]
[EventDate "2011.09.12"]

1. e4 e5 2. Nf3 Nc6 3. Bb5 Nf6 4. O-O Nxe4 5. d4 Nd6 6. Bxc6 dxc6 7. dxe5 Nf5
8. Qxd8+ Kxd8 9. Nc3 Ke8 10. h3 b6 11. Bf4 Bb4 12. Ne4 Ba6 13. Rfc1 Be2 14. Nh2
Rd8 15. c3 Be7 16. Re1 Bd3 17. g4 Nh4 18. Bg3 Bxe4 19. Rxe4 h5 20. e6 hxg4 21.
hxg4 Bd6 22. exf7+ Kxf7 23. Bxh4 Bxh2+ 24. Kxh2 Rxh4+ 25. Kg3 Rh6 26. Rae1 Rd3+
27. f3 Rf6 28. Re7+ Kg6 29. R1e3 Rxe3 30. Rxe3 Kf7 31. Rd3 Ke7 32. f4 g6 33.
Rd2 Rf7 34. Rh2 Kf6 35. g5+ Kg7 36. Re2 Rd7 37. Re6 c5 38. a4 a5 39. Kf3 Kf7
40. Rf6+ Kg7 41. Ke4 Rd2 42. Rc6 Re2+ 43. Kd5 Rd2+ 44. Ke6 Re2+ 45. Kd7 Rxb2
46. Rxc7 Kf7 47. Kd6+ Kf8 48. Rb7 Ra2 49. Ke5 Rxa4 50. Rxb6 Kg7 51. Rb7+ Kf8
52. Rb5 1-0

[Event "II Open A"]
[Site "Livigno ITA"]
[Date "2011.09.13"]
[Round "3"]
[White "Brunello, Sabino"]
[Black "Mirzoev, Azer"]
[WhiteElo "2569"]
[BlackElo "2468"]
[Result "1/2-1/2"]
[PlyCount "60"]
[EventDate "2011.09.12"]

1. c4 e6 2. g3 d5 3. Nf3 Nf6 4. Bg2 dxc4 5. Qa4+ c6 6. Qxc4 b5 7. Qc2 Bb7 8. d4
Nbd7 9. Ne5 Rc8 10. O-O Qb6 11. Nxd7 Nxd7 12. Be3 c5 13. Bxb7 Qxb7 14. Rc1 c4
15. a4 a6 16. axb5 axb5 17. Nc3 b4 18. Na4 b3 19. Qd1 Bb4 20. Nc5 Nxc5 21. dxc5
Rd8 22. Qf1 c3 23. bxc3 b2 24. cxb4 bxa1=Q 25. Rxa1 O-O 26. Qc1 Qxb4 27. c6 Qd6
28. Bc5 Qxc6 29. Bxf8 Qxc1+ 30. Rxc1 Kxf8 1/2-1/2

[Event "II Open A"]
[Site "Livigno ITA"]
[Date "2011.09.13"]
[Round "3"]
[White "Rombaldoni, Denis"]
[Black "Maiorov, Nikita"]
[WhiteElo "2517"]
[BlackElo "2558"]
[Result "1-0"]
[PlyCount "153"]
[EventDate "2011.09.12"]

1. Nf3 Nf6 2. g3 g6 3. c4 Bg7 4. Nc3 O-O 5. d4 d6 6. Bg2 Nbd7 7. O-O e5 8. h3
c6 9. e4 Qa5 10. d5 cxd5 11. cxd5 b5 12. a3 b4 13. Na2 bxa3 14. b4 Qd8 15. Nd2
Nb6 16. Nc3 Ne8 17. Rxa3 f5 18. Qe2 f4 19. Nb3 Qf6 20. Nd2 g5 21. g4 h5 22. f3
Qh6 23. Bb2 Rf7 24. Rfa1 Bf6 25. Kf1 Bd8 26. Ke1 hxg4 27. hxg4 Rh7 28. Kd1 Qg7
29. Kc2 Qb7 30. Qf2 Bd7 31. Bf1 Nc7 32. Nb3 Ne8 33. Na5 Qc7 34. b5 Nc8 35. Nc6
Qb6 36. Qg2 Bc7 37. Be2 Qc5 38. Rh1 Nf6 39. Rxh7 Kxh7 40. Ra1 Kg7 41. Qh2 Kf7
42. Qh6 Nb6 43. Ne7 Re8 44. Qg6+ Kxe7 45. Qg7+ Kd8 46. Qxf6+ Kc8 47. Ba3 Qf2
48. Bxd6 Bd8 49. Qh6 Nc4 50. Bc5 Qxc5 51. Bxc4 Bb6 52. Kb3 Qe3 53. Rd1 Qxf3 54.
Qxg5 Qxg4 55. Qxg4 Bxg4 56. Rh1 Rd8 57. Bf1 Kb8 58. Rh4 Bf3 59. Rh3 Bg4 60. Rh4
Rg8 61. Rh7 f3 62. Re7 Bc7 63. b6 axb6 64. Nb5 Bd8 65. Rf7 Bh5 66. Rd7 Bg4 67.
Rf7 Bh5 68. Rd7 Bg4 69. Rh7 Rf8 70. Na7 Bc7 71. Nc6+ Kb7 72. Nb4 Rf6 73. Na6 b5
74. Nxc7 Kb6 75. Kb4 f2 76. Na8+ Ka6 77. Bxb5# 1-0

[Event "II Open A"]
[Site "Livigno ITA"]
[Date "2011.09.13"]
[Round "3"]
[White "Dgebuadze, Alexandre"]
[Black "Cebalo, Miso"]
[WhiteElo "2544"]
[BlackElo "2478"]
[Result "1-0"]
[PlyCount "61"]
[EventDate "2011.09.12"]

1. d4 Nf6 2. Nf3 e6 3. e3 c5 4. c4 b6 5. Nc3 d6 6. Be2 a6 7. O-O Bb7 8. b3 Be7
9. Bb2 O-O 10. Qc2 Nbd7 11. Rad1 Qc7 12. d5 exd5 13. cxd5 b5 14. e4 Ne8 15. a4
b4 16. Nb1 Bf6 17. Bc1 g6 18. Nbd2 Bc3 19. Nc4 f6 20. Bf4 Ne5 21. Nfxe5 fxe5
22. Bh6 Ng7 23. f4 Rae8 24. fxe5 Bxe5 25. Rxf8+ Kxf8 26. Rf1+ Kg8 27. Nxe5 Rxe5
28. Bg4 Re8 29. Be6+ Nxe6 30. dxe6 c4 31. Qf2 1-0

[Event "II Open A"]
[Site "Livigno ITA"]
[Date "2011.09.13"]
[Round "3"]
[White "Mareco, Sandro"]
[Black "Bove, Alessandro"]
[WhiteElo "2597"]
[BlackElo "2368"]
[Result "1-0"]
[PlyCount "55"]
[EventDate "2011.09.12"]

1. d4 Nf6 2. c4 e6 3. Nc3 Bb4 4. Qc2 O-O 5. e4 d5 6. e5 Ne4 7. Bd3 c5 8. Nf3
cxd4 9. Nxd4 Nd7 10. Bf4 Ndc5 11. O-O dxc4 12. Bxe4 Qxd4 13. Bxh7+ Kh8 14. Ne2
Qd8 15. Rad1 Bd7 16. Rd4 Qe7 17. Bg3 g6 18. Rh4 Kg7 19. Qc1 g5 20. Rh5 Rh8 21.
Bh4 Ne4 22. Qxc4 Bc6 23. Ng3 Qc5 24. Qd3 Nxf2 25. Nf5+ exf5 26. Bxf2 Bb5 27.
Qxf5 Qc4 28. Qf6+ 1-0

[Event "II Open A"]
[Site "Livigno ITA"]
[Date "2011.09.13"]
[Round "3"]
[White "Marholev, Dimitar"]
[Black "Rotstein, Arkadij"]
[WhiteElo "2355"]
[BlackElo "2515"]
[Result "1-0"]
[PlyCount "59"]
[EventDate "2011.09.12"]

1. Nf3 g6 2. e4 Bg7 3. d4 d6 4. Nc3 Nd7 5. Bc4 e6 6. h4 h6 7. a4 Ngf6 8. Qe2
O-O 9. h5 g5 10. Nxg5 d5 11. Bd3 c5 12. dxc5 Nxc5 13. e5 Nfd7 14. Nf3 f6 15.
exf6 Qxf6 16. Be3 Nxd3+ 17. Qxd3 Ne5 18. Nxe5 Qxe5 19. O-O-O Bd7 20. f4 Rxf4
21. Bxf4 Qxf4+ 22. Kb1 Kh8 23. Rdf1 Qg5 24. Rf7 Bc6 25. Rh3 Rg8 26. Rg3 Qxh5
27. Qf1 Qe5 28. Rg6 Be8 29. Qh1 h5 30. Qc1 1-0

[Event "II Open A"]
[Site "Livigno ITA"]
[Date "2011.09.13"]
[Round "3"]
[White "Janev, Evgeni"]
[Black "Narayanan, Srinath"]
[WhiteElo "2511"]
[BlackElo "2336"]
[Result "1-0"]
[PlyCount "99"]
[EventDate "2011.09.12"]

1. e4 c5 2. Nf3 d6 3. d4 cxd4 4. Nxd4 Nf6 5. Nc3 g6 6. g3 Nc6 7. Nde2 Bg7 8.
Bg2 O-O 9. O-O Rb8 10. a4 a6 11. h3 b5 12. axb5 axb5 13. Nd5 Nd7 14. c3 b4 15.
Nd4 Nde5 16. f4 bxc3 17. bxc3 Nxd4 18. cxd4 Nc6 19. e5 e6 20. Ne3 Qb6 21. Ba3
Ba6 22. Rf2 Nxd4 23. Bxd6 Nb3 24. Ra3 Rfd8 25. Qe1 Rxd6 26. exd6 Bd4 27. Kh2
Bc5 28. Ng4 Bxf2 29. Qxf2 Qxd6 30. Qa7 Qxa3 31. Qxb8+ Kg7 32. Qe5+ Kf8 33. Nf6
Qb4 34. Nxh7+ Kg8 35. Nf6+ Kf8 36. Qc7 Bb5 37. Qb8+ Ke7 38. Ng8+ Kd7 39. Qb7+
Kd8 40. Nh6 Nd4 41. Nxf7+ Ke8 42. Ne5 Qd2 43. Nxg6 Kd8 44. Qb8+ Kd7 45. Ne5+
Ke7 46. Qc7+ Ke8 47. h4 Qf2 48. Qb8+ Ke7 49. Qb7+ Kd6 50. Kh3 1-0

[Event "II Open A"]
[Site "Livigno ITA"]
[Date "2011.09.13"]
[Round "3"]
[White "Kilpatrick, Callum"]
[Black "Michalik, Peter"]
[WhiteElo "2256"]
[BlackElo "2511"]
[Result "0-1"]
[PlyCount "92"]
[EventDate "2011.09.12"]

1. e4 c6 2. Nc3 d5 3. Nf3 Bg4 4. d4 e6 5. h3 Bxf3 6. Qxf3 dxe4 7. Nxe4 Qxd4 8.
c3 Qd5 9. Bf4 Nf6 10. Bd3 Nbd7 11. O-O-O Ne5 12. Nxf6+ gxf6 13. Qg3 Nxd3+ 14.
Rxd3 Rg8 15. Qe3 Qxa2 16. Rhd1 e5 17. Qe4 Qe6 18. Bg3 Rg6 19. Kb1 Be7 20. Qh4
h6 21. Qa4 a5 22. Qe4 a4 23. c4 a3 24. bxa3 Bxa3 25. f4 Rg8 26. fxe5 f5 27. Qd4
Be7 28. Bh4 Kf8 29. Qf4 Bg5 30. Bxg5 hxg5 31. Qd4 Kg7 32. Qc3 Ra4 33. Rc1 Re8
34. g4 f4 35. h4 Qxe5 36. hxg5 Qxc3 37. Rcxc3 Re4 38. c5 Kg6 39. Rd7 Rec4 40.
Kc2 f3 41. Rxb7 Rxc3+ 42. Kxc3 f2 43. Rb1 Rf4 44. Rf1 Kxg5 45. Kd3 Kxg4 46. Ke3
Kg3 0-1

[Event "II Open A"]
[Site "Livigno ITA"]
[Date "2011.09.13"]
[Round "3"]
[White "Naumkin, Igor"]
[Black "Molina, Fabrizio"]
[WhiteElo "2473"]
[BlackElo "2258"]
[Result "0-1"]
[PlyCount "70"]
[EventDate "2011.09.12"]

1. d4 d6 2. Nf3 Bg4 3. c4 Bxf3 4. exf3 Nd7 5. Be2 g6 6. O-O Bg7 7. Nc3 Ngf6 8.
f4 e6 9. d5 exd5 10. cxd5 O-O 11. f5 Nc5 12. fxg6 hxg6 13. Qc2 Qd7 14. a4 a5
15. Ra3 Rfe8 16. Bf3 Na6 17. Nb5 Re5 18. Bf4 Qf5 19. Qc1 Re7 20. Nd4 Qd7 21. h3
Nc5 22. Qc4 Rae8 23. Bd2 Ra8 24. Nb3 Nfe4 25. Be3 Bxb2 26. Nxc5 Nxc5 27. Bxc5
dxc5 28. Rb3 Bd4 29. Rxb7 Qd6 30. Qc1 Rae8 31. Qd2 Qf6 32. Qxa5 Qf4 33. Rbb1
Be5 34. g3 Qxf3 35. Qxc5 Bxg3 0-1

[Event "II Open A"]
[Site "Livigno ITA"]
[Date "2011.09.13"]
[Round "3"]
[White "Lazic, Miroljub"]
[Black "Schwartz, Ylon"]
[WhiteElo "2463"]
[BlackElo "2252"]
[Result "1-0"]
[PlyCount "101"]
[EventDate "2011.09.12"]

1. g3 c6 2. Bg2 d5 3. Nf3 Bg4 4. O-O Nd7 5. d3 e6 6. Nbd2 Bd6 7. h3 Bh5 8. e4
Ne7 9. Qe1 O-O 10. a3 a5 11. b3 Re8 12. Bb2 a4 13. b4 c5 14. e5 Bc7 15. bxc5
Nc6 16. d4 Bg6 17. Qe3 Bxc2 18. Rac1 Bg6 19. Nh4 Ne7 20. f4 Ba5 21. Bc3 Bxc3
22. Rxc3 Ra6 23. g4 f5 24. exf6 Nxf6 25. Nxg6 Nxg6 26. Bf3 e5 27. f5 Nf4 28.
Bd1 Ne4 29. Nxe4 exd4 30. Qxd4 Rxe4 31. Qd2 Qg5 32. Qh2 Rh6 33. Rcf3 Nh5 34.
Qb8+ Kf7 35. Qxb7+ Kf8 36. Qa8+ Ke7 37. Qxd5 Nf6 38. Qb7+ Kf8 39. Rg3 Re3 40.
Qb8+ Kf7 41. Qc7+ Re7 42. Qf4 Ne4 43. Qxg5 Nxg5 44. Kg2 Rc6 45. Bxa4 Rxc5 46.
Bb3+ Kf6 47. h4 Ne4 48. g5+ Ke5 49. f6 gxf6 50. gxf6 Nxf6 51. Re3+ 1-0

[Event "II Open A"]
[Site "Livigno ITA"]
[Date "2011.09.13"]
[Round "3"]
[White "Xia, Jie"]
[Black "Pacher, Milan"]
[WhiteElo "2249"]
[BlackElo "2403"]
[Result "0-1"]
[PlyCount "44"]
[EventDate "2011.09.12"]

1. e4 c5 2. b4 cxb4 3. a3 d5 4. exd5 Qxd5 5. Bb2 e5 6. Nf3 Nc6 7. axb4 Bxb4 8.
c4 Qd6 9. Nc3 Nf6 10. Be2 O-O 11. Nb5 Qe7 12. O-O e4 13. Nfd4 Rd8 14. Ra4 a5
15. Qc2 Bd7 16. Nb3 Rac8 17. Bc3 b6 18. f4 Bxc3 19. dxc3 Nb4 20. Qb1 Bxb5 21.
cxb5 Rxc3 22. Rd1 Nfd5 0-1

[Event "II Open A"]
[Site "Livigno ITA"]
[Date "2011.09.13"]
[Round "3"]
[White "Mazur, Stefan"]
[Black "Brunello, Marina"]
[WhiteElo "2372"]
[BlackElo "2215"]
[Result "1-0"]
[PlyCount "65"]
[EventDate "2011.09.12"]

1. e4 c5 2. Nf3 d6 3. d4 cxd4 4. Nxd4 Nf6 5. Nc3 a6 6. f4 e6 7. Bd3 Nbd7 8. a4
Be7 9. Nf3 Qc7 10. O-O b6 11. Qe2 Bb7 12. e5 dxe5 13. fxe5 Ng4 14. Be4 h5 15.
Bf4 Bxe4 16. Nxe4 Ngxe5 17. Nxe5 Nxe5 18. Rae1 Bf6 19. Kh1 Qc6 20. Bxe5 Bxe5
21. Qf3 Qc7 22. Nd6+ Bxd6 23. Qxa8+ Qb8 24. Qc6+ Ke7 25. Qf3 f6 26. Qe4 Be5 27.
Qg6 Qg8 28. Rxe5 Rh6 29. Rxe6+ Kxe6 30. Qe4+ Kf7 31. Qc4+ Kf8 32. Qxa6 Qe6 33.
a5 1-0

[Event "II Open A"]
[Site "Livigno ITA"]
[Date "2011.09.13"]
[Round "3"]
[White "Braga, Fernando Alberto"]
[Black "Reverby, Miro"]
[WhiteElo "2438"]
[BlackElo "2153"]
[Result "1/2-1/2"]
[PlyCount "57"]
[EventDate "2011.09.12"]

1. Nf3 Nf6 2. c4 d6 3. g3 e5 4. Bg2 g6 5. O-O Bg7 6. Nc3 O-O 7. d4 Nbd7 8. b3
Re8 9. e3 a6 10. a4 c6 11. Ba3 e4 12. Nd2 d5 13. b4 Nf8 14. a5 Bg4 15. Qc2 Qd7
16. Na4 Qf5 17. Nc5 Rab8 18. Rae1 Qh5 19. cxd5 cxd5 20. f3 Bh3 21. Bxh3 Qxh3
22. f4 Ng4 23. Ndb3 Ne6 24. Qg2 Qxg2+ 25. Kxg2 h5 26. h3 Nh6 27. Rc1 Nf5 28.
Kf2 Nd6 29. Rc2 1/2-1/2

[Event "II Open A"]
[Site "Livigno ITA"]
[Date "2011.09.13"]
[Round "3"]
[White "Sveshnikov, Vladimir"]
[Black "Bentivegna, Francesco"]
[WhiteElo "2412"]
[BlackElo "2322"]
[Result "1-0"]
[PlyCount "51"]
[EventDate "2011.09.12"]

1. e4 e6 2. d4 d5 3. e5 c5 4. c3 Nc6 5. Nf3 Nh6 6. a3 f6 7. b4 cxd4 8. Bxh6
gxh6 9. cxd4 fxe5 10. Nxe5 Nxe5 11. dxe5 Qc7 12. Bb5+ Kd8 13. O-O Qxe5 14. Nd2
Bd6 15. Nf3 Qg7 16. Re1 Rg8 17. g3 a5 18. bxa5 Rf8 19. Ra2 Qf6 20. Kg2 Rxa5 21.
a4 Kc7 22. Nd4 Kb8 23. f4 e5 24. fxe5 Bxe5 25. Rf1 Qxf1+ 26. Bxf1 1-0